| 000 | 00539nam a2200169 4500 | ||
|---|---|---|---|
| 001 | 119724 | ||
| 003 | ES-MaACL | ||
| 005 | 20230906191402.0 | ||
| 007 | t| | ||
| 008 | 070214s1962 sp r ||||1| spa d | ||
| 100 | 1 |
_aPerpiñá, Román. _991329 |
|
| 245 | 1 | 0 |
_aDeterminantes económicos del Oriente Medio / _cRomán Perpiñá. |
| 260 |
_aMadrid : _bInstituto de Estudios Políticos, _c1962. |
||
| 300 |
_a73 p. ; _c24 cm + _e2 maps. |
||
| 710 | 2 |
_aInstituto de Estudios Políticos (Madrid) _94924 |
|
| 852 |
_aES-MaACL _jC-24455 _bR.51496 |
||
| 999 |
_c119724 _d119724 |
||